Croatian towns and municipalities coats of arms: Karlovac - Statistics

General Stats
  • This quiz has been taken 36 times
  • The average score is 13 of 22
Answer Stats
Picture Answer % Correct
Karlovac
100%
Plaški
85%
Ozalj
78%
Ogulin
74%
Slunj
74%
Duga Resa
70%
Generalski Stol
67%
Tounj
67%
Rakovica
63%
Vojnić
59%
Krnjak
56%
Ribnik
56%
Bosiljevo
52%
Draganić
52%
Josipdol
52%
Lasinja
52%
Netretić
52%
Cetingrad
48%
Kamanje
48%
Barilović
44%
Saborsko
44%
Žakanje
41%
No matching quizzes found
Score Distribution
Percent of People with Each Score
Percentile by Number Answered
Your Score History
You have not taken this quiz